II Juegos Florales ciudad de Badalona, actuó de mantenedor Don Juan Antonio Samaranch / Estanis Verti
Publicado:
San Jorge, núm. 82 (2n trimestre 1971), pàg 43 :
MARC
| LEADER | 00000nam a2200000Ia 4500 | ||
|---|---|---|---|
| 001 | |||
| 008 | 160829s9999 xx 000 0 cat d | ||
| 100 | |a Vertí, Estanis |9 40364 | ||
| 245 | |a II Juegos Florales ciudad de Badalona, actuó de mantenedor Don Juan Antonio Samaranch / Estanis Verti | ||
| 260 | |a San Jorge, núm. 82 (2n trimestre 1971), pàg 43 | ||
| 600 | 1 | 0 | |a Samaranch, Joan Antoni, |d 1920-2010 |9 34366 |
| 650 | |a Jocs Florals |x Badalona |9 41983 | ||
| 901 | |a Arxiu | ||
| 942 | |n 1 | ||
| 952 | |0 0 |1 0 |4 0 |7 1 |9 52625 |a Arxiu |b Arxiu |d 2016-12-01 |l 0 |r 2016-12-01 00:00:00 |w 2016-12-01 |y ARXIU | ||
| 999 | |c 56474 |d 56474 | ||